书目信息 |
| 题名: |
绝对营养
|
|
| 作者: | ;中国烹饪协会 编著 | |
| 分册: | ||
| 出版信息: | 北京 北京出版社 2004 |
|
| 页数: | 144页 | |
| 开本: | 19×21cm | |
| 丛书名: | 唐码生活书系 | |
| 单 册: | ||
| 中图分类: | R154 | |
| 科图分类: | ||
| 主题词: | 烹饪--营养卫生--基本知识 | |
| 电子资源: | ||
| ISBN: | 7-200-05508-5 | |
| 000 | 01420nam0 2200361 450 | |
| 000 | 01383nam0 2200349 450 | |
| 000 | 01382nam0 2200361 450 | |
| 000 | 01328nam0 2200337 450 | |
| 000 | 01346nam0 2200325 450 | |
| 000 | 01309nam0 2200313 45 | |
| 001 | TS2006002728 | |
| 005 | 20070106153245.42 | |
| 010 | @a7-200-05508-5@dCNY29.80 | |
| 100 | @a20060829d2004 em y0chiy0110 ea | |
| 101 | 0 | @achi |
| 102 | @aCN@b110000 | |
| 105 | @aak z 000yy | |
| 200 | 1 | @a绝对营养@AJue Dui Ying Yang@e日常饮食的完全摄取方案@ERi Chang Yin Shi De Wan Quan She Qu Fang An@f中国烹饪协会美食营养专业委员会编著@FZhong Guo Peng Ren Xie Hui Mei Shi Ying Yang Zhuan Ye Wei Yuan Hui Bian Zhu |
| 210 | @a北京@c北京出版社@d2004 | |
| 215 | @a144页@c彩照@d19×21cm | |
| 225 | @a唐码生活书系 | |
| 300 | @a生活 | |
| 305 | @a与唐码书业(北京)有限公司共同拥有版权 | |
| 330 | @a本书以画册的形式,精选了经常120余种经常食用的从米饭、米粥到面包、茶点、炒菜等饮食,介绍其营养功效、适宜人群、日常适用量、以及制作与烹调提示等。 | |
| 410 | @12001 @a唐码生活书系 | |
| 510 | 1 | @aAbsolute Nutrition Food@zeng |
| 606 | 0 | @a烹饪@x营养卫生@x基本知识 |
| 690 | @aR154@v4 | |
| 711 | 02 | @a中国烹饪协会@AZhong Guo Peng Ren Xie Hui@b美食营养专业委员会@4编著 |
| 801 | 0 | @aCN@b中图数据@c20070106 |
| 905 | @a10447@dR154@e62 | |
| 绝对营养:日常饮食的完全摄取方案/中国烹饪协会美食营养专业委员会编著.-北京:北京出版社,2004 |
| 144页:彩照;19×21cm.-(唐码生活书系) |
| 生活 |
| ISBN 7-200-05508-5:CNY29.80 |
| 本书以画册的形式,精选了经常120余种经常食用的从米饭、米粥到面包、茶点、炒菜等饮食,介绍其营养功效、适宜人群、日常适用量、以及制作与烹调提示等。 |
| ● |
| 相关链接 |
|
|
|
|
正题名:绝对营养
索取号:R154/62
 
预约/预借
| 序号 | 登录号 | 条形码 | 馆藏地/架位号 | 状态 | 备注 |
| 1 | 0617273 | 206172737 | 第二样本阅览室/ [索取号:R154/62] | 在馆 | |
| 2 | 0617274 | 206172746 | 第三借阅区/ [索取号:R154/62] | 在馆 | |
| 3 | 0617275 | 206172755 | 第三借阅区/ [索取号:R154/62] | 在馆 | |
| 4 | 0617276 | 206172764 | 教育系资料室/ [索取号:R154/62] | 在馆 | |
| 5 | 0617277 | 206172773 | 教育系资料室/ [索取号:R154/62] | 在馆 |